Teacher Education for Sustainable Development and Global Citizenship (Record no. 17246)

MARC details
000 -LEADER
fixed length control field 00790nam a2200121Ia 4500
008 - FIXED-LENGTH DATA ELEMENTS--GENERAL INFORMATION
fixed length control field 220615s9999||||xx |||||||||||||| ||und||
245 #0 - TITLE STATEMENT
Title Teacher Education for Sustainable Development and Global Citizenship
Remainder of title Critical Perspectives on Values, Curriculum and Assessment
546 ## - LANGUAGE NOTE
Language note English[eng]
650 ## - SUBJECT ADDED ENTRY--TOPICAL TERM
Topical term or geographic name entry element assessment||climate change||critical global citizenship education||curriculum studies||educational politics||global citizenship||inclusive education||politics of education||politics of equity||Sustainable Development Goals||sustainable development||Teacher Education||UNESCO
700 ## - ADDED ENTRY--PERSONAL NAME
Personal name Bamber, Philip
856 ## - ELECTRONIC LOCATION AND ACCESS
Uniform Resource Identifier <a href="https://library.oapen.org/bitstream/20.500.12657/52768/1/9780429762833.pdf||https://library.oapen.org/bitstream/20.500.12657/52768/1/9780429762833.pdf">https://library.oapen.org/bitstream/20.500.12657/52768/1/9780429762833.pdf||https://library.oapen.org/bitstream/20.500.12657/52768/1/9780429762833.pdf</a>
942 ## - ADDED ENTRY ELEMENTS (KOHA)
Koha item type E-Books
Holdings
Withdrawn status Lost status Damaged status Not for loan Home library Current library Date acquired Total Checkouts Date last seen Price effective from Koha item type
        Kerala University of Digital Sciences, Innovation and Technology Knowledge Centre Kerala University of Digital Sciences, Innovation and Technology Knowledge Centre 15/06/2022   15/06/2022 15/06/2022 E-Books